La Celestina : (Record no. 163873)

MARC details
000 -LEADER
campo de control de longitud fija 01050nam a2200241 i 4500
001 - NÚMERO DE CONTROL
campo de control 163873
003 - IDENTIFICADOR DE NÚMERO DE CONTROL
campo de control ES-MaACL
005 - FECHA Y HORA DE LA ÚLTIMA TRANSACCIÓN
campo de control 20251116063111.0
008 - DATOS DE LONGITUD FIJA--INFORMACIÓN GENERAL
campo de control de longitud fija 950206s1878 sp |||| | spa d
080 ## - NÚMERO DE LA CLASIFICACIÓN DECIMAL UNIVERSAL
Número de la Clasificación Decimal Universal 821.134.2-21"15"
100 1# - ENTRADA PRINCIPAL--NOMBRE DE PERSONA
Nombre de persona Rojas, Fernando de,
Fechas asociadas al nombre ca. 1470-1541
9 (RLIN) 99042
240 13 - TÍTULO UNIFORME
Título uniforme La Celestina
245 13 - MENCIÓN DEL TÍTULO
Título La Celestina :
Resto del título tragi-comedia de Calisto y Melibea /
Mención de responsabilidad, etc. [Fernando de Rojas].
250 ## - MENCION DE EDICION
Mención de edición 2ª ed.
260 ## - PUBLICACIÓN, DISTRIBUCIÓN, ETC.
Lugar de publicación, distribución, etc. Madrid :
Nombre del editor, distribuidor, etc. [s.n.],
Fecha de publicación, distribución, etc. 1878 (
Fabricante Imp., Est. y Galv. de Aribau y Cª)
300 ## - DESCRIPCIÓN FÍSICA
Extensión 2 t. en 1 v. (203 ; 169 p.) ;
Dimensiones 14 cm.
490 1# - MENCIÓN DE SERIE
Mención de serie Biblioteca universal. Colección de los mejores autores antiguos y modernos, nacionales y extranjeros ;
Designación de volumen o secuencia 2-3
530 ## - NOTA DISPONIBLE DE FORMULARIO FÍSICO ADICIONAL
Nota de formato físico adicional disponible Disponible en formato digital el t. II.
830 10 - PUNTO DE ACCESO ADICIONAL DE SERIE-TÍTULO UNIFORME
Título uniforme Biblioteca universal.
Nombre de parte o sección de la obra Colección de los mejores autores antiguos y modernos, nacionales y extranjeros
Designación de volumen o secuencia 2-3
9 (RLIN) 188447
852 ## - LOCALIZACIÓN
Ubicación ES-MaACL
Número de control de estantería D-4822(2)
Nota libre - Enc. hol.
856 ## - LOCALIZACIÓN Y ACCESO ELECTRÓNICOS
Identificador Uniforme de Recursos <a href="https://archive.org/details/AGuichot0508 ">https://archive.org/details/AGuichot0508 </a>
Nota pública Internet Archive
-- (T. II)
Holdings
Estatus retirado Estado de pérdida Estado de daño No para préstamo Colección Biblioteca de origen Biblioteca actual Ubicación en estantería Fecha de adquisición Fuente de adquisición Total de préstamos Signatura topográfica completa Código de barras Visto por última vez Precio de reemplazo Tipo de ítem Koha
        Colección digital Biblioteca del Ateneo de Madrid Biblioteca del Ateneo de Madrid Sala Valle Inclán 17/01/2008     D-4822(2) 901171743 23/02/2023 23/02/2023 Libro impreso antiguo